[Event "Tradewise Gibraltar Masters 14th"]
[Site "Gibraltar"]
[Date "2016.01.31"]
[Round "6.10"]
[White "Ly, Moulthun"]
[Black "Vidit, Santosh Gujrathi"]
[Result "0-1"]
[WhiteElo "2474"]
[BlackElo "2642"]
[PlyCount "74"]
[EventDate "2016.01.26"]
[EventType "swiss"]
[EventRounds "10"]
[EventCountry "GGB"]
[Source "www.saund.co.uk"]
[SourceDate "2005.02.07"]

1. e4 c5 2. Nf3 Nc6 3. d4 cxd4 4. Nxd4 Nf6 5. Nc3 e5 6. Ndb5 d6 7. Bg5 a6 8.
Na3 b5 9. Nd5 Be7 10. Bxf6 Bxf6 11. c3 Rb8 12. Nc2 Bg5 13. a4 bxa4 14. Ncb4
Nxb4 15. cxb4 O-O 16. Qxa4 Bb7 17. Rd1 Qc8 18. Qb3 Bxd5 19. Rxd5 a5 20. b5 a4
21. Qb4 Qc2 22. Be2 Rfc8 23. b6 Qc1+ 24. Rd1 Qc6 25. O-O Rxb6 26. Qa3 Rb3 27.
Rxd6 Qxe4 28. Bf3 Qh4 29. Qa2 Rxf3 30. gxf3 Bf4 31. Rfd1 Qxh2+ 32. Kf1 Qh1+ 33.
Ke2 Rc2+ 34. R1d2 Rxd2+ 35. Rxd2 Bxd2 36. Qxa4 Qe1+ 37. Kd3 Bb4 0-1

[Event "Tradewise Gibraltar Masters 14th"]
[Site "Gibraltar"]
[Date "2016.01.31"]
[Round "6.11"]
[White "Anton Guijarro, David"]
[Black "Harika, Dronavalli"]
[Result "1-0"]
[WhiteElo "2639"]
[BlackElo "2511"]
[PlyCount "105"]
[EventDate "2016.01.26"]
[EventType "swiss"]
[EventRounds "10"]
[EventCountry "GGB"]
[Source "www.saund.co.uk"]
[SourceDate "2005.02.07"]

1. e4 e6 2. d4 d5 3. Nd2 c5 4. Ngf3 cxd4 5. Nxd4 Nf6 6. exd5 Nxd5 7. N2f3 Bb4+
8. Bd2 O-O 9. c4 e5 10. Nc2 Bxd2+ 11. Qxd2 Nf6 12. Qxd8 Rxd8 13. Nxe5 Re8 14.
f4 Nc6 15. O-O-O Nxe5 16. fxe5 Ng4 17. Rd2 Nxe5 18. Be2 Bf5 19. Rf1 Be4 20. g3
Rad8 21. Nd4 a6 22. b3 g6 23. Kb2 Rd7 24. Kc3 f5 25. Rfd1 Rc7 26. a4 Kf7 27. a5
Rec8 28. Rf1 Ke7 29. Nf3 Rc5 30. Ng5 Rxa5 31. Nxe4 fxe4 32. Rd4 Nc6 33. Rxe4+
Re5 34. Bd3 Rd8 35. Rxe5+ Nxe5 36. Be4 b6 37. Bd5 Rd6 38. Kd4 Nc6+ 39. Ke4 Nd8
40. b4 a5 41. bxa5 bxa5 42. c5 Ra6 43. Kd4 a4 44. Kc4 a3 45. Kb5 Ra7 46. Kb6
Ra4 47. c6 Rb4+ 48. Kc5 Nxc6 49. Kxc6 Rb2 50. Rf7+ Ke8 51. Rxh7 g5 52. Kd6 Kf8
53. Ke5 1-0

[Event "Tradewise Gibraltar Masters 14th"]
[Site "Gibraltar"]
[Date "2016.01.31"]
[Round "6.12"]
[White "Kelires, Andreas"]
[Black "Grandelius, Nils"]
[Result "1/2-1/2"]
[WhiteElo "2444"]
[BlackElo "2635"]
[PlyCount "120"]
[EventDate "2016.01.26"]
[EventType "swiss"]
[EventRounds "10"]
[EventCountry "GGB"]
[Source "www.saund.co.uk"]
[SourceDate "2005.02.07"]

1. d4 Nf6 2. c4 e6 3. g3 d5 4. Bg2 Bb4+ 5. Nd2 O-O 6. Ngf3 b6 7. O-O Bb7 8. a3
Be7 9. b4 Nbd7 10. c5 a5 11. Bb2 c6 12. Qc2 Qc7 13. Rfc1 Rfc8 14. Bc3 axb4 15.
axb4 Ba6 16. Bf1 Bb5 17. e3 Bxf1 18. Rxf1 Qb7 19. Rfb1 Rxa1 20. Rxa1 Ra8 21.
Ra4 Ne8 22. Qa2 Rxa4 23. Qxa4 Nc7 24. Nb3 f6 25. Qa2 Nb5 26. Bd2 g6 27. Kg2 Kf7
28. Ne1 e5 29. Nd3 e4 30. Nb2 h5 31. Na4 bxc5 32. bxc5 h4 33. Ba5 Qc8 34. Qe2
h3+ 35. Kg1 f5 36. Nc3 Nxc3 37. Bxc3 Qa8 38. Be1 Qa4 39. Na5 Bd8 40. Nb7 Bc7
41. Qf1 Qa8 42. Qxh3 Nf6 43. Nd6+ Bxd6 44. cxd6 Qb8 45. d7 Qd8 46. Bb4 Qxd7 47.
Qh6 Qd8 48. Bc5 Nh5 49. h3 Ng7 50. Kg2 Ne6 51. Qh7+ Ng7 52. Ba3 Qd7 53. Qh8 Qe8
54. Qh4 Qd7 55. Qf4 Qd8 56. h4 Nh5 57. Qe5 Ng7 58. Bc5 Nh5 59. Ba3 Ng7 60. Bc5
Nh5 1/2-1/2

[Event "Tradewise Gibraltar Masters 14th"]
[Site "Gibraltar"]
[Date "2016.01.31"]
[Round "6.13"]
[White "Al-Sayed, Mohammed"]
[Black "Li Chao B"]
[Result "0-1"]
[WhiteElo "2530"]
[BlackElo "2751"]
[PlyCount "74"]
[EventDate "2016.01.26"]
[EventType "swiss"]
[EventRounds "10"]
[EventCountry "GGB"]
[Source "www.saund.co.uk"]
[SourceDate "2005.02.07"]

1. d4 d5 2. c4 dxc4 3. e4 e5 4. Nf3 exd4 5. Bxc4 Nc6 6. O-O Be6 7. Bxe6 fxe6 8.
Qb3 Qd7 9. Bf4 Nf6 10. Nbd2 Bb4 11. Rac1 Bxd2 12. Bxd2 O-O-O 13. Qd3 Qd6 14.
Rc2 Ng4 15. Rfc1 Rhf8 16. e5 Ngxe5 17. Nxe5 Qxe5 18. Rxc6 bxc6 19. Qa6+ Kb8 20.
Rc4 Rd5 21. Qxc6 Rb5 22. f4 Qd5 23. Qxc7+ Ka8 24. b3 Rb7 25. Qc6 Qxc6 26. Rxc6
Rb6 27. Rc4 Rd8 28. Kf2 Rb5 29. Rc7 e5 30. Kf3 Re8 31. fxe5 Rbxe5 32. Rxg7 R5e7
33. Rg4 Rf7+ 34. Kg3 Rd8 35. h4 d3 36. h5 Re7 37. h6 Re2 0-1

[Event "Tradewise Gibraltar Masters 14th"]
[Site "Gibraltar"]
[Date "2016.01.31"]
[Round "6.14"]
[White "Fressinet, Laurent"]
[Black "Gledura, Benjamin"]
[Result "1/2-1/2"]
[WhiteElo "2700"]
[BlackElo "2515"]
[PlyCount "77"]
[EventDate "2016.01.26"]
[EventType "swiss"]
[EventRounds "10"]
[EventCountry "GGB"]
[Source "www.saund.co.uk"]
[SourceDate "2005.02.07"]

1. Nf3 Nf6 2. g3 g6 3. Bg2 Bg7 4. c4 O-O 5. O-O c6 6. b3 Ne4 7. d4 d5 8. Bb2
Bf5 9. e3 Nd7 10. Qe2 a5 11. Nc3 Nxc3 12. Bxc3 Be4 13. Rfc1 e6 14. Bf1 dxc4 15.
bxc4 c5 16. Rd1 b6 17. Ne5 Nxe5 18. dxe5 Qc7 19. Qb2 Rfd8 20. Bg2 Bxg2 21. Kxg2
Qc6+ 22. Kg1 h5 23. Qe2 Qc7 24. f4 Qc6 25. e4 Qa4 26. Kf2 Rab8 27. Rxd8+ Rxd8
28. Rb1 Qc6 29. Qc2 Bh6 30. h4 Bf8 31. a4 Be7 32. Ke3 Kf8 33. Rd1 Rxd1 34. Qxd1
Ke8 35. Kf3 Qd7 36. Qxd7+ Kxd7 37. Be1 Ke8 38. g4 Kf8 39. g5 1/2-1/2

[Event "Tradewise Gibraltar Masters 14th"]
[Site "Gibraltar"]
[Date "2016.01.31"]
[Round "6.15"]
[White "Gopal, Geetha Narayanan"]
[Black "Howell, David"]
[Result "1-0"]
[WhiteElo "2525"]
[BlackElo "2685"]
[PlyCount "97"]
[EventDate "2016.01.26"]
[EventType "swiss"]
[EventRounds "10"]
[EventCountry "GGB"]
[Source "www.saund.co.uk"]
[SourceDate "2005.02.07"]

1. e4 e5 2. Nf3 Nc6 3. Bb5 a6 4. Ba4 Nf6 5. O-O Be7 6. Re1 b5 7. Bb3 d6 8. c3
O-O 9. h3 Na5 10. Bc2 c5 11. d4 Nd7 12. Nbd2 g6 13. b3 exd4 14. cxd4 cxd4 15.
Nxd4 Bb7 16. N2f3 Bf6 17. Bf4 Ne5 18. Rc1 Rc8 19. Bb1 Re8 20. Qd2 Rxc1 21. Rxc1
h5 22. Re1 Qc7 23. Rc1 Qd8 24. Re1 Ba8 25. Rd1 Nb7 26. Bg5 Nc5 27. Qf4 Ncd7 28.
Qg3 Nc5 29. Bxf6 Qxf6 30. Ng5 Qg7 31. f4 Ned7 32. f5 Bxe4 33. Nxe4 Nxe4 34.
Bxe4 Rxe4 35. Qxd6 Nf8 36. Nc6 Kh7 37. Nd4 Kg8 38. Nc6 Kh7 39. f6 Qh6 40. Qc7
Kg8 41. Ne7+ Kh8 42. Rd8 Re2 43. Kh2 Rxa2 44. h4 a5 45. Qc1 Qxc1 46. Rxf8+ Kh7
47. Rxf7+ Kh8 48. Nxg6+ Kg8 49. Rg7# 1-0

[Event "Tradewise Gibraltar Masters 14th"]
[Site "Gibraltar"]
[Date "2016.01.31"]
[Round "6.16"]
[White "Almasi, Zoltan"]
[Black "Tan, Zhongyi"]
[Result "1-0"]
[WhiteElo "2684"]
[BlackElo "2504"]
[PlyCount "127"]
[EventDate "2016.01.26"]
[EventType "swiss"]
[EventRounds "10"]
[EventCountry "GGB"]
[Source "www.saund.co.uk"]
[SourceDate "2005.02.07"]

1. e4 c5 2. Nf3 Nc6 3. Bb5 d6 4. O-O Bd7 5. Re1 Nf6 6. c3 a6 7. Bf1 Bg4 8. h3
Bxf3 9. Qxf3 e6 10. Qg3 Nh5 11. Qe3 Be7 12. Na3 O-O 13. Nc2 Nf6 14. g3 b5 15.
Bg2 Rc8 16. d3 b4 17. cxb4 Nxb4 18. Nxb4 cxb4 19. Qa7 a5 20. Be3 Nd7 21. Rec1
Ra8 22. Qb7 Nc5 23. Qb5 Rb8 24. Qc4 Qd7 25. d4 Na4 26. Qb3 Nb6 27. d5 exd5 28.
exd5 Na4 29. Rc6 Nc5 30. Qc2 Rfe8 31. Rd1 Rbc8 32. b3 Bf8 33. Bd4 h6 34. Kh2
Qb7 35. Qf5 Qd7 36. Qc2 Qb7 37. h4 Qb5 38. Bf3 a4 39. Kg2 axb3 40. axb3 Qb7 41.
h5 Qd7 42. Qc4 Qb7 43. Bxc5 dxc5 44. Ra6 Ra8 45. Rxa8 Qxa8 46. d6 Qa7 47. d7
Rd8 48. Bc6 Qb6 49. Qd5 c4 50. Qxc4 Qc5 51. Qxc5 Bxc5 52. Re1 Bb6 53. Re8+ Kh7
54. Kf3 g6 55. Ke4 gxh5 56. Ke5 Kg6 57. Kd6 Kf6 58. f4 Ba5 59. Bf3 h4 60. gxh4
Bb6 61. Kc6 Ba5 62. Bg4 Kg6 63. h5+ Kg7 64. Re5 1-0

[Event "Tradewise Gibraltar Masters 14th"]
[Site "Gibraltar"]
[Date "2016.01.31"]
[Round "6.17"]
[White "Bai, Jinshi"]
[Black "Kamsky, Gata"]
[Result "1/2-1/2"]
[WhiteElo "2507"]
[BlackElo "2665"]
[PlyCount "117"]
[EventDate "2016.01.26"]
[EventType "swiss"]
[EventRounds "10"]
[EventCountry "GGB"]
[Source "www.saund.co.uk"]
[SourceDate "2005.02.07"]

1. Nf3 g6 2. d4 Bg7 3. c4 f5 4. g3 Nf6 5. Bg2 d6 6. Nc3 c6 7. O-O O-O 8. Rb1 a5
9. Qb3 Kh8 10. Rd1 Na6 11. Be3 Ng4 12. Bd2 Rb8 13. c5 b5 14. cxb6 Rxb6 15. Qc2
Be6 16. Qa4 Nc7 17. b3 Ra6 18. Rbc1 Qb8 19. Be1 Bg8 20. e3 Qb7 21. Nd2 Rb8 22.
Rc2 e5 23. dxe5 Nxe5 24. Nf3 Nxf3+ 25. Bxf3 d5 26. Ne2 Ne6 27. Rdc1 Bf7 28. Nf4
Nxf4 29. Qxf4 Rba8 30. Bc3 Be8 31. Qd6 Kg8 32. Bxg7 Qxg7 33. Rc5 R6a7 34. a3
Qf8 35. Qe6+ Kg7 36. Qe5+ Qf6 37. Qf4 g5 38. Qa4 f4 39. exf4 gxf4 40. Kg2 fxg3
41. hxg3 Rf7 42. Qg4+ Kh8 43. Rd1 Bd7 44. Qd4 Raf8 45. Qxf6+ Rxf6 46. Rc3 Kg7
47. Rd2 Kf7 48. b4 axb4 49. axb4 Rb8 50. Rd4 Ke7 51. Bg4 Bxg4 52. Rxg4 h5 53.
Rh4 Kd6 54. Re3 Rf5 55. Re2 Ra8 56. Rc2 Ra4 57. b5 cxb5 58. Rxa4 bxa4 59. Ra2
1/2-1/2

[Event "Tradewise Gibraltar Masters 14th"]
[Site "Gibraltar"]
[Date "2016.01.31"]
[Round "6.19"]
[White "Stefanova, Antoaneta"]
[Black "Sethuraman, S.P."]
[Result "1/2-1/2"]
[WhiteElo "2515"]
[BlackElo "2639"]
[PlyCount "95"]
[EventDate "2016.01.26"]
[EventType "swiss"]
[EventRounds "10"]
[EventCountry "GGB"]
[Source "www.saund.co.uk"]
[SourceDate "2005.02.07"]

1. d4 d5 2. c4 c6 3. Nc3 Nf6 4. e3 e6 5. Nf3 Nbd7 6. Qc2 Bd6 7. Bd3 O-O 8. O-O
dxc4 9. Bxc4 b5 10. Be2 Bb7 11. e4 e5 12. dxe5 Nxe5 13. Nd4 Re8 14. Nf5 Bc8 15.
Nxd6 Qxd6 16. Rd1 Qe7 17. a3 Be6 18. Bf4 Nfd7 19. Re1 a5 20. Rac1 a4 21. Nb1
Bc4 22. Nd2 Bxe2 23. Rxe2 Rad8 24. Qc3 Qe6 25. Bg3 c5 26. f4 b4 27. Qe3 Nc6 28.
Nf3 Nf6 29. Qxc5 Rc8 30. Rce1 Qb3 31. Bh4 Ne5 32. Qxb4 Qxb4 33. axb4 Nd3 34.
Ra1 Nxf4 35. Ree1 Nxe4 36. Rxa4 f5 37. Bg3 Nd3 38. Rb1 Rc2 39. Nd4 Rd2 40. Nf3
Rc2 41. Nd4 Rxb2 42. Rxb2 Nxb2 43. Ra1 Nd3 44. Nxf5 Nxg3 45. hxg3 g6 46. Nh6+
Kg7 47. Ng4 h5 48. Nf2 1/2-1/2

[Event "Tradewise Gibraltar Masters 14th"]
[Site "Gibraltar"]
[Date "2016.01.31"]
[Round "6.20"]
[White "Nakar, Eylon"]
[Black "Iturrizaga Bonelli, Eduardo"]
[Result "0-1"]
[WhiteElo "2479"]
[BlackElo "2624"]
[PlyCount "72"]
[EventDate "2016.01.26"]
[EventType "swiss"]
[EventRounds "10"]
[EventCountry "GGB"]
[Source "www.saund.co.uk"]
[SourceDate "2005.02.07"]

1. Nf3 c5 2. g3 Nc6 3. Bg2 e5 4. c4 g6 5. Nc3 Bg7 6. O-O Nge7 7. Ne1 O-O 8. Nc2
d6 9. Rb1 Be6 10. Ne3 a6 11. a3 b5 12. cxb5 axb5 13. Nxb5 Rb8 14. a4 Nd4 15.
Ra1 Bb3 16. Qe1 Nxb5 17. axb5 d5 18. d3 Rxb5 19. Ra7 Nc6 20. Ra3 Nd4 21. Bd2
Qd7 22. Bc3 Rfb8 23. Qd2 Qe6 24. Qe1 Rd8 25. Ba5 Rd7 26. Bd2 Rb8 27. h4 f5 28.
Bh3 Qd6 29. Ra5 Re7 30. Ng2 f4 31. gxf4 e4 32. dxe4 Rxe4 33. Ne3 Qxf4 34. Nf5
Nxe2+ 35. Qxe2 Qxf5 36. Qd3 Rg4+ 0-1

[Event "Tradewise Gibraltar Masters 14th"]
[Site "Gibraltar"]
[Date "2016.01.31"]
[Round "6.21"]
[White "Bachmann, Axel"]
[Black "Zhukova, Natalia"]
[Result "1-0"]
[WhiteElo "2610"]
[BlackElo "2484"]
[PlyCount "65"]
[EventDate "2016.01.26"]
[EventType "swiss"]
[EventRounds "10"]
[EventCountry "GGB"]
[Source "www.saund.co.uk"]
[SourceDate "2005.02.07"]

1. e4 e6 2. Qe2 c5 3. g3 Nc6 4. c3 g6 5. h4 h5 6. Nf3 Bg7 7. Bg2 Nge7 8. O-O e5
9. d3 O-O 10. a3 d5 11. b4 d4 12. cxd4 cxd4 13. b5 Na5 14. Nbd2 a6 15. a4 axb5
16. axb5 Bd7 17. Rb1 Nc8 18. Ba3 Re8 19. Rfc1 Na7 20. b6 Nb5 21. Bb4 Qxb6 22.
Ng5 f6 23. Bh3 Qd8 24. Ndf3 fxg5 25. Qa2+ Kh8 26. Nxg5 Qxg5 27. Bxd7 Qd8 28.
Bxb5 Nc6 29. Qf7 Nxb4 30. Bxe8 Nxd3 31. Rc7 Qf6 32. Qxf6 Bxf6 33. Bb5 1-0

[Event "Tradewise Gibraltar Masters 14th"]
[Site "Gibraltar"]
[Date "2016.01.31"]
[Round "6.22"]
[White "Sandipan, Chanda"]
[Black "Krush, Irina"]
[Result "1/2-1/2"]
[WhiteElo "2583"]
[BlackElo "2458"]
[PlyCount "86"]
[EventDate "2016.01.26"]
[EventType "swiss"]
[EventRounds "10"]
[EventCountry "GGB"]
[Source "www.saund.co.uk"]
[SourceDate "2005.02.07"]

1. c4 c6 2. Nf3 d5 3. e3 Nf6 4. Nc3 e6 5. d4 Nbd7 6. Qc2 Bd6 7. Bd3 dxc4 8.
Bxc4 O-O 9. O-O Qe7 10. a4 e5 11. h3 e4 12. Ng5 Nb6 13. Bb3 Bf5 14. f3 Nbd5 15.
Ngxe4 Nxe4 16. fxe4 Bg6 17. Nxd5 cxd5 18. Bxd5 Rac8 19. Qf2 Bxe4 20. Bxe4 Qxe4
21. Qf5 Qxf5 22. Rxf5 Rc2 23. e4 f6 24. Rf2 Rc4 25. Be3 Re8 26. e5 fxe5 27.
dxe5 Bxe5 28. Bxa7 Ra8 29. Bb6 Rcxa4 30. Rxa4 Rxa4 31. b3 Ra1+ 32. Rf1 Bh2+ 33.
Kf2 Ra2+ 34. Kf3 Rb2 35. Bc5 Rxb3+ 36. Ke4 h6 37. Rf8+ Kh7 38. Rf7 Rg3 39. Rxb7
Rxg2 40. Bd4 Bg1 41. Rxg7+ Rxg7 42. Bxg7 Kxg7 43. Kf3 Kg6 1/2-1/2

[Event "Tradewise Gibraltar Masters 14th"]
[Site "Gibraltar"]
[Date "2016.01.31"]
[Round "6.23"]
[White "Goryachkina, Aleksandra"]
[Black "Tregubov, Pavel V"]
[Result "1/2-1/2"]
[WhiteElo "2502"]
[BlackElo "2582"]
[PlyCount "64"]
[EventDate "2016.01.26"]
[EventType "swiss"]
[EventRounds "10"]
[EventCountry "GGB"]
[Source "www.saund.co.uk"]
[SourceDate "2005.02.07"]

1. d4 Nf6 2. c4 e6 3. Nf3 d5 4. Nc3 c5 5. cxd5 Nxd5 6. e4 Nxc3 7. bxc3 cxd4 8.
cxd4 Bb4+ 9. Bd2 Bxd2+ 10. Qxd2 O-O 11. Bc4 Nd7 12. O-O b6 13. a4 Bb7 14. Rfe1
Rc8 15. Bb5 Nf6 16. Bd3 Ne8 17. d5 Nc7 18. Rad1 exd5 19. exd5 Bxd5 20. Ne5 h6
21. Bf5 Be6 22. Bxe6 Nxe6 23. Qa2 Qc7 24. Nxf7 Qxf7 25. Rxe6 Rfe8 26. Rxe8+
Rxe8 27. Qc2 Qe6 28. h3 Qe4 29. Qb3+ Kh7 30. g3 Rf8 31. Qd3 Qxd3 32. Rxd3 Rc8
1/2-1/2

[Event "Tradewise Gibraltar Masters 14th"]
[Site "Gibraltar"]
[Date "2016.01.31"]
[Round "6.24"]
[White "Tan, Justin"]
[Black "Perez Ponsa, Federico"]
[Result "0-1"]
[WhiteElo "2446"]
[BlackElo "2577"]
[PlyCount "138"]
[EventDate "2016.01.26"]
[EventType "swiss"]
[EventRounds "10"]
[EventCountry "GGB"]
[Source "www.saund.co.uk"]
[SourceDate "2005.02.07"]

1. e4 c5 2. Nf3 d6 3. d4 cxd4 4. Nxd4 Nf6 5. Nc3 a6 6. h3 g6 7. g4 Bg7 8. Bg2
h5 9. g5 Nfd7 10. Be3 Nc6 11. Qd2 O-O 12. O-O-O Nb6 13. b3 Bd7 14. f4 a5 15. a4
Nb4 16. Kb1 Rc8 17. Rc1 Qc7 18. Ncb5 Bxb5 19. Nxb5 Nc4 20. bxc4 Qxc4 21. c3
Qb3+ 22. Qb2 Qxa4 23. Nd4 Bxd4 24. Bxd4 Nd3 25. Qa2 Qb5+ 26. Ka1 Nxc1 27. Rxc1
e5 28. Bf1 Qe8 29. Bf2 exf4 30. Bd3 Qd7 31. Bd4 b5 32. Qb2 Rb8 33. Rb1 b4 34.
c4 Qxh3 35. Qd2 Rbe8 36. Rd1 Qd7 37. Bc2 Re6 38. Bb2 Qa7 39. Bd4 Qc7 40. Bd3
Qc6 41. Kb1 Qa4 42. Bc2 Qa3 43. Rf1 Qg3 44. Qxf4 Qxf4 45. Rxf4 Rc8 46. Bd3 a4
47. Rf1 Kf8 48. Ka2 Rc5 49. e5 Ra5 50. Be4 dxe5 51. Be3 a3 52. Bd5 Rd6 53.
Rxf7+ Ke8 54. Rb7 Rdxd5 55. cxd5 Rxd5 56. Rg7 Rd3 57. Bc5 Rd2+ 58. Ka1 Rd1+ 59.
Ka2 Rd2+ 60. Kb3 Rb2+ 61. Kc4 a2 62. Ra7 b3 63. Bb4 Rb1 64. Bc3 h4 65. Ra5 h3
66. Rxe5+ Kf7 67. Re2 b2 68. Bb4 Rc1+ 69. Kd5 Rc7 0-1

[Event "Tradewise Gibraltar Masters 14th"]
[Site "Gibraltar"]
[Date "2016.01.31"]
[Round "6.25"]
[White "Vazquez Igarza, Renier"]
[Black "Siva, Mahadevan"]
[Result "1-0"]
[WhiteElo "2572"]
[BlackElo "2370"]
[PlyCount "53"]
[EventDate "2016.01.26"]
[EventType "swiss"]
[EventRounds "10"]
[EventCountry "GGB"]
[Source "www.saund.co.uk"]
[SourceDate "2005.02.07"]

1. d4 d5 2. Nf3 Nf6 3. c4 c6 4. Nc3 e6 5. cxd5 exd5 6. Bg5 Be7 7. Qc2 g6 8.
Bxf6 Bxf6 9. e3 Bf5 10. Bd3 Bxd3 11. Qxd3 O-O 12. h4 Nd7 13. h5 Rc8 14. Kf1 Re8
15. g3 Bg7 16. Kg2 Nf6 17. hxg6 hxg6 18. Rh4 Qe7 19. Ne5 Nd7 20. f4 Nb6 21.
Rah1 c5 22. Nxg6 Qf6 23. Ne5 cxd4 24. exd4 Red8 25. Ng4 Qc6 26. Nh6+ Kf8 27.
Nf5 1-0

[Event "Tradewise Gibraltar Masters 14th"]
[Site "Gibraltar"]
[Date "2016.01.31"]
[Round "6.26"]
[White "Oparin, Grigoriy"]
[Black "Padmini, Rout"]
[Result "1/2-1/2"]
[WhiteElo "2565"]
[BlackElo "2427"]
[PlyCount "83"]
[EventDate "2016.01.26"]
[EventType "swiss"]
[EventRounds "10"]
[EventCountry "GGB"]
[Source "www.saund.co.uk"]
[SourceDate "2005.02.07"]

1. d4 Nf6 2. c4 e6 3. Nc3 Bb4 4. e3 O-O 5. Nge2 c6 6. a3 Ba5 7. b4 Bc7 8. e4 d6
9. Ng3 a5 10. b5 e5 11. Be2 exd4 12. Qxd4 Nbd7 13. Bb2 d5 14. exd5 cxd5 15.
cxd5 Be5 16. Qd2 Nb6 17. Rd1 Bg4 18. f3 Bd7 19. O-O Rc8 20. f4 Bb8 21. d6 Nc4
22. Bxc4 Rxc4 23. Qd3 Ba7+ 24. Kh1 Rd4 25. Qf3 Bg4 26. Qxb7 Bxd1 27. Qxa7 Rxd6
28. Qc5 Bg4 29. h3 Bc8 30. Nce4 Nxe4 31. Nxe4 Rd5 32. Qc6 f6 33. b6 Rf7 34. Rc1
Bb7 35. Qe6 Rd1+ 36. Rxd1 Qxd1+ 37. Kh2 Qc2 38. Qe8+ Rf8 39. Qe6+ Rf7 40. Qe8+
Rf8 41. Qe6+ Rf7 42. Qe8+ 1/2-1/2

[Event "Tradewise Gibraltar Masters 14th"]
[Site "Gibraltar"]
[Date "2016.01.31"]
[Round "6.27"]
[White "Akesson, Ralf"]
[Black "Handke, Florian"]
[Result "1/2-1/2"]
[WhiteElo "2435"]
[BlackElo "2533"]
[PlyCount "78"]
[EventDate "2016.01.26"]
[EventType "swiss"]
[EventRounds "10"]
[EventCountry "GGB"]
[Source "www.saund.co.uk"]
[SourceDate "2005.02.07"]

1. d4 Nf6 2. c4 g6 3. Nc3 d5 4. Nf3 Bg7 5. h4 c6 6. Bg5 O-O 7. e3 Bg4 8. Qb3
Bxf3 9. gxf3 Nbd7 10. cxd5 c5 11. Rd1 h6 12. Bxf6 Bxf6 13. dxc5 Qa5 14. Be2
Nxc5 15. Qb5 Bxc3+ 16. bxc3 Qxc3+ 17. Kf1 b6 18. f4 Rad8 19. h5 Kg7 20. hxg6
fxg6 21. Qc4 Qxc4 22. Bxc4 g5 23. fxg5 hxg5 24. Rd4 Rh8 25. Rg1 Kf6 26. f4 gxf4
27. Rxf4+ Ke5 28. Rg5+ Kd6 29. Rg6+ Kd7 30. d6 e6 31. Rg7+ Kxd6 32. Rxa7 Rdf8
33. Rxf8 Rxf8+ 34. Ke2 Rh8 35. a4 Rh2+ 36. Kf3 Rh3+ 37. Ke2 Ne4 38. a5 Nc3+ 39.
Kd2 Ne4+ 1/2-1/2

[Event "Tradewise Gibraltar Masters 14th"]
[Site "Gibraltar"]
[Date "2016.01.31"]
[Round "6.29"]
[White "Kollars, Dmitrij"]
[Black "Short, Nigel D"]
[Result "0-1"]
[WhiteElo "2436"]
[BlackElo "2684"]
[PlyCount "74"]
[EventDate "2016.01.26"]
[EventType "swiss"]
[EventRounds "10"]
[EventCountry "GGB"]
[Source "www.saund.co.uk"]
[SourceDate "2005.02.07"]

1. e4 c6 2. d4 d5 3. Nd2 dxe4 4. Nxe4 Nd7 5. Ng5 Ngf6 6. Bd3 g6 7. N1f3 Bg7 8.
O-O O-O 9. c3 c5 10. Bc4 Nb6 11. Bb3 cxd4 12. Qxd4 Qxd4 13. Nxd4 Bd7 14. Re1
Nfd5 15. Ngf3 Rfc8 16. Ne5 Be8 17. c4 Nb4 18. a3 Na6 19. Ba2 Nc5 20. b4 Ncd7
21. Ndf3 Nxe5 22. Nxe5 Nxc4 23. Bxc4 Rxc4 24. Nxc4 Bxa1 25. Rxe7 Rd8 26. Re1
Bc3 27. Bd2 Bf6 28. Bh6 Bb5 29. Ne3 Bb2 30. Bg5 Rd3 31. h4 Rxa3 32. Nc2 Rd3 33.
Bh6 Bf6 34. Bg5 Kg7 35. Bxf6+ Kxf6 36. Re4 Rd1+ 37. Kh2 Bd3 0-1

[Event "Tradewise Gibraltar Masters 14th"]
[Site "Gibraltar"]
[Date "2016.01.31"]
[Round "6.30"]
[White "Carlsson, Pontus"]
[Black "Ganguly, Surya Shekhar"]
[Result "1/2-1/2"]
[WhiteElo "2430"]
[BlackElo "2660"]
[PlyCount "92"]
[EventDate "2016.01.26"]
[EventType "swiss"]
[EventRounds "10"]
[EventCountry "GGB"]
[Source "www.saund.co.uk"]
[SourceDate "2005.02.07"]

1. e4 e6 2. d4 d5 3. Nd2 c5 4. exd5 Qxd5 5. Ngf3 cxd4 6. Bc4 Qd6 7. O-O Nf6 8.
Nb3 Nc6 9. Nbxd4 Nxd4 10. Nxd4 a6 11. Re1 Qc7 12. Qe2 Bc5 13. c3 h6 14. Nf5 Kf8
15. Nd4 e5 16. Nc2 Bg4 17. Qf1 b5 18. Bb3 g6 19. Be3 Kg7 20. f3 Bf5 21. Qf2
Rac8 22. Bxc5 Qxc5 23. Qxc5 Rxc5 24. Nb4 a5 25. g4 Bc8 26. Nd3 Rc7 27. Nxe5 a4
28. Bxf7 Rxf7 29. Nxf7 Kxf7 30. Rad1 Be6 31. Rd6 Bxa2 32. Rb6 Rd8 33. Rxb5 Rd7
34. Rb4 Bb3 35. Kf2 g5 36. Rd4 Rxd4 37. cxd4 Nd5 38. Ke2 Nf4+ 39. Kd2 Bd5 40.
Re3 Ne6 41. Re5 Nf4 42. h4 Kf6 43. hxg5+ hxg5 44. Ke3 Ng2+ 45. Kf2 Nf4 46. Ke3
Ng2+ 1/2-1/2

[Event "Tradewise Gibraltar Masters 14th"]
[Site "Gibraltar"]
[Date "2016.01.31"]
[Round "6.31"]
[White "Sutovsky, Emil"]
[Black "Neef, Maximilian"]
[Result "1-0"]
[WhiteElo "2647"]
[BlackElo "2423"]
[PlyCount "55"]
[EventDate "2016.01.26"]
[EventType "swiss"]
[EventRounds "10"]
[EventCountry "GGB"]
[Source "www.saund.co.uk"]
[SourceDate "2005.02.07"]

1. e4 e6 2. d4 d5 3. Nc3 Nf6 4. e5 Nfd7 5. f4 c5 6. Nf3 Nc6 7. Be3 Be7 8. dxc5
Nxc5 9. Be2 O-O 10. O-O Qc7 11. Nb5 Qb8 12. c3 Bd7 13. Qc2 a6 14. Nbd4 Nxd4 15.
Nxd4 f6 16. exf6 Rxf6 17. Nf3 Bd6 18. Ng5 Rh6 19. Bg4 Bb5 20. Bxc5 Bxc5+ 21.
Kh1 Bd7 22. Rae1 Qe8 23. Rxe6 Bxe6 24. Bxe6+ Rxe6 25. Qxh7+ Kf8 26. Qf5+ Rf6
27. Nh7+ Ke7 28. Nxf6 1-0

[Event "Tradewise Gibraltar Masters 14th"]
[Site "Gibraltar"]
[Date "2016.01.31"]
[Round "6.32"]
[White "Almagro Llamas, Pablo"]
[Black "Salem, AR Saleh"]
[Result "1/2-1/2"]
[WhiteElo "2429"]
[BlackElo "2627"]
[PlyCount "136"]
[EventDate "2016.01.26"]
[EventType "swiss"]
[EventRounds "10"]
[EventCountry "GGB"]
[Source "www.saund.co.uk"]
[SourceDate "2005.02.07"]

1. Nf3 Nf6 2. g3 g6 3. Bg2 d5 4. O-O Bg7 5. d4 O-O 6. Nbd2 a5 7. c4 c6 8. cxd5
cxd5 9. Ne5 a4 10. Nb1 e6 11. Nc3 Nfd7 12. Nf3 Nc6 13. Bf4 Qb6 14. e3 Qxb2 15.
Qc1 Qxc1 16. Rfxc1 e5 17. dxe5 Ncxe5 18. Nxe5 Nxe5 19. Bxe5 Bxe5 20. Bxd5 Ra5
21. e4 Bg4 22. Rab1 Rc8 23. Nd1 Rxc1 24. Rxc1 b5 25. Ne3 Bf3 26. Rc5 Bd4 27.
Rc8+ Kg7 28. Nc2 Be5 29. Nb4 Bg4 30. Rc1 Bd6 31. Nc6 Ra6 32. e5 Ba3 33. Rc3 Bb2
34. Rc2 a3 35. Kg2 Rb6 36. f4 b4 37. Nd8 b3 38. Rc7 bxa2 39. Bxa2 Bd4 40. Rxf7+
Kh6 41. Rb7 Rb2+ 42. Rxb2 axb2 43. Nf7+ Kg7 44. Nd6 Be2 45. Bb1 Kf8 46. h3 Kg7
47. Ne8+ Kf7 48. Nf6 Kg7 49. g4 Bb5 50. Kg3 Bc6 51. h4 Bc3 52. g5 Be1+ 53. Kg4
h5+ 54. gxh6+ Kxh6 55. Ng8+ Kg7 56. Ne7 Be8 57. h5 gxh5+ 58. Kg5 Kf8 59. Nf5
Bf7 60. Nd4 h4 61. Kg4 Bd5 62. Kh3 Bc4 63. Kg2 Bg3 64. Nf5 Bd5+ 65. Kh3 Be6 66.
Kg2 Bxf5 67. Bxf5 Bxf4 68. Kh3 Bxe5 1/2-1/2

[Event "Tradewise Gibraltar Masters 14th"]
[Site "Gibraltar"]
[Date "2016.01.31"]
[Round "6.33"]
[White "Santos Ruiz, Miguel"]
[Black "Erdos, Viktor"]
[Result "1/2-1/2"]
[WhiteElo "2427"]
[BlackElo "2613"]
[PlyCount "49"]
[EventDate "2016.01.26"]
[EventType "swiss"]
[EventRounds "10"]
[EventCountry "GGB"]
[Source "www.saund.co.uk"]
[SourceDate "2005.02.07"]

1. e4 c5 2. Nf3 Nc6 3. Bb5 g6 4. Bxc6 dxc6 5. d3 Bg7 6. h3 Nh6 7. a4 O-O 8. Be3
f5 9. Qc1 Nf7 10. Bxc5 b6 11. Ba3 c5 12. O-O fxe4 13. dxe4 Bh6 14. Qd1 Ba6 15.
Qxd8 Raxd8 16. Re1 Ng5 17. Nxg5 Bxg5 18. f3 Bh4 19. Rc1 Bg5 20. Re1 Bc4 21. a5
Bh4 22. Rc1 Bg5 23. Re1 Bh4 24. Rc1 Bg5 25. Re1 1/2-1/2